Southville International School and Colleges
Your cart is empty.
  • Cart
  • Lists
    Public lists Eva Luna New books Lux_list list_1
    Your lists Log in to create your own lists
  • Log in to your account
  • Your cookies
  • Search history
Southville International School and Colleges
  • Advanced search
  • Recent comments
  • Most popular
  • Libraries

Log in to your account

Log in with GOOGLE


If you do not have an external account, but do have a local account, you can still log in:

  1. Home
  2. MARC view: Detecting accounting fraud :
Normal view MARC view ISBD view

Detecting accounting fraud : (Record no. 288937)

[ view plain ]
MARC details
000 -LEADER
fixed length control field 01227cam a2200289 i 4500
001 - CONTROL NUMBER
control field SSB064508
003 - CONTROL NUMBER IDENTIFIER
control field PILC
005 - DATE AND TIME OF LATEST TRANSACTION
control field 20151105151452.0
008 - FIXED-LENGTH DATA ELEMENTS--GENERAL INFORMATION
fixed length control field 131031s2015 maua 000 0 eng
010 ## - LIBRARY OF CONGRESS CONTROL NUMBER
LC control number 2013041593
020 ## - INTERNATIONAL STANDARD BOOK NUMBER
International Standard Book Number 9780133078602 (pbk.)
020 ## - INTERNATIONAL STANDARD BOOK NUMBER
International Standard Book Number 9781292059402 (Global edition)
020 ## - INTERNATIONAL STANDARD BOOK NUMBER
International Standard Book Number 1292059400 (Global edition)
040 ## - CATALOGING SOURCE
Original cataloging agency DLC
Language of cataloging eng
Transcribing agency DLC
Description conventions rda
042 ## - AUTHENTICATION CODE
Authentication code pcc
050 00 - LIBRARY OF CONGRESS CALL NUMBER
Classification number HF 5686.C7
Item number .J132 2015
100 1# - MAIN ENTRY--PERSONAL NAME
Personal name Jackson, Cecil Wilfrid.
245 10 - TITLE STATEMENT
Title Detecting accounting fraud :
Remainder of title analysis and ethics /
Statement of responsibility, etc Cecil W. Jackson.
260 ## - PUBLICATION, DISTRIBUTION, ETC. (IMPRINT)
Place of publication, distribution, etc Boston :
Name of publisher, distributor, etc Pearson,
Date of publication, distribution, etc 2015.
300 ## - PHYSICAL DESCRIPTION
Extent xxi, 377 pages :
Other physical details color illustrations ;
Dimensions 23 cm.
500 ## - GENERAL NOTE
General note Includes bibliographical references and index.
505 0# - FORMATTED CONTENTS NOTE
Formatted contents note Introduction to the problem of accounting fraud -- Ethics at work -- The sizzling saga of Sunbeam -- Hocus pocus -- Worldcom wizardry : from WorldCom to worldcon -- Abracadabra -- Enron and the tale of the golden goose -- Tall tales -- Mortgage mayhem.
650 #0 - SUBJECT ADDED ENTRY--TOPICAL TERM
Topical term or geographic name as entry element Accounting fraud
Geographic subdivision United States.
650 #0 - SUBJECT ADDED ENTRY--TOPICAL TERM
Topical term or geographic name as entry element Corporations
General subdivision Accounting
-- Corrupt practices
Geographic subdivision United States.
650 #0 - SUBJECT ADDED ENTRY--TOPICAL TERM
Topical term or geographic name as entry element Corporations
General subdivision Accounting
-- Law and legislation
Geographic subdivision United States.
942 ## - ADDED ENTRY ELEMENTS (KOHA)
Source of classification or shelving scheme Library of Congress Classification
Koha item type Books
Call number prefix Foreign
Holdings
Withdrawn status Lost status Source of classification or shelving scheme Damaged status Home library Current library Shelving location Date acquired Source of acquisition Sub Shelving location Total Checkouts Full call number Barcode Date last seen Price effective from Koha item type
    Library of Congress Classification   College Library College Library Reserve Section 11/05/2015 Library Fund     HF 5686.C7 .J132 2015 C20266 05/15/2018 11/05/2015 Books

Detecting accounting fraud :

APA

Jackson C. W., . (2015). Detecting accounting fraud. Boston: Pearson.

Chicago

Jackson Cecil Wilfrid, . 2015. Detecting accounting fraud. Boston: Pearson.

Harvard

Jackson C. W., . (2015). Detecting accounting fraud. Boston: Pearson.

MLA

Jackson Cecil Wilfrid, . Detecting accounting fraud. Boston: Pearson. 2015.

  • Place hold
  • Print
  • Cite
  • Add to your cart (remove)
  • Save record
    BIBTEX Dublin Core MARCXML MARC (non-Unicode/MARC-8) MARC (Unicode/UTF-8) MARC (Unicode/UTF-8, Standard) MODS (XML) RIS
  • More searches
    Search for this title in:
    Other Libraries (WorldCat) Other Databases (Google Scholar) Online Stores (Bookfinder.com) Open Library (openlibrary.org)

Exporting to Dublin Core...

SOUTHVILLE LIBRARY

Southville International School and Colleges Library

1281 Tropical Ave. Cor. Luxembourg St., BF Homes International, Las Pinas City

Tel. No. 8256374 / 252358 Loc. 117/146

Powered by Koha